000 00433nam a2200157Ia 4500
008 240729s9999 xx 000 0 und d
022 _a1749-7345
245 0 _aJournal of the World Aquaculture Society
260 _aUnited States
260 _bWiley
650 _a Aquaculture. Fisheries. Angling
650 _aAgriculture
856 _uhttps://doaj.org/toc/12d526c742824c31a0197d58ec94420c
942 _2ddc
942 _cDOAJEJ
999 _c67128
_d67128
945 _a1
_bMadushi Gamage
_c1
_dMadushi Gamage